Biblioteca

Mirar el mundo con ojos nuevos (Registro nro. 51906)

Detalles MARC
000 -LÍDER
Campo fijo de descripción fija 00809aab a2200193 i 4500
001 - NÚMERO DE CONTROL
Campo de control 768714001
003 - IDENTIFICADOR DEL NÚMERO DE CONTROL
Campo de control CO-MdFUSB
005 - FECHA Y HORA DE LA ULTIMA TRANSACCIÓN
control field 20240422113955.0
008 - ELEMENTOS DE LONGITUD FIJA -- INFORMACIÓN GENERAL
Campo fijo de descripción fija -- Información general 240405t1991 ag ||||| |||| 00| 0 spa d
040 ## - FUENTE DE CATALOGACIÓN
Idioma de catalogación spa
Agencia que realiza la transcripción CO-MdFUSB
041 ## - CÓDIGO DE IDIOMA
Código de idioma para texto/pista de sonido o título separado spa
100 1# - ASIENTO PRINCIPAL--NOMBRE PERSONAL
Nombre personal Ludwig, Angela
Término relacionador autor
245 ## - TÍTULO
Título Mirar el mundo con ojos nuevos
Mención de responsabilidad / Angela Ludwig
300 ## - DESCRIPCIÓN FÍSICA
Extensión Volumen 10, número 1 (enero - marzo, 1991), páginas: 16 - 18
Dimensiones ; 27 cm
520 ## - NOTA DE RESUMEN, ETC.
Nota de sumario, etc. Este artículo es basado en las opiniones personales de Angela Ludwig, quien asistió al Seminario Internacional sobre "Discipulado y misión en el Tercer Mundo" realizado en el Centro Kairos.
650 #7 - ASIENTO SECUNDARIO DE MATERIA - TERMINO TEMÁTICO
Término temático o nombre geográfico como elemento de entrada Misioneros
9 (RLIN) 931
773 0# - ASIENTO DE ITEM FUENTE
Título Iglesia y Misión
Biblionumber 49402
Itemnumber 59664
Parte(s) relacionada(s) / Volumen., número. (mes año), páginas Volumen 10, número 1 (enero - marzo, 1991), páginas: 16 - 18
Enumeración y primera página página: 16
942 ## - TIPO DE MATERIAL (KOHA)
Tipo de Item KOHA Artículos de Revista

No hay ítems disponibles.

Biblioteca FUSBC | Teléfono: (57+4) 349 88 10 Ext. 141| WhatsApp (+57) 3005338115 
E-mail: biblioteca@unisbc.edu.co | Calle 76 87-14 Robledo Palenque, Medellín, Colombia

Con tecnología Koha